| 000 | 01199cam a2200349 a 4500 | ||
|---|---|---|---|
| 001 | 23805 | ||
| 003 | BD-RjUL | ||
| 005 | 20211209000955.0 | ||
| 008 | 140311s1970 enk b 000 0aeng | ||
| 020 | _a0435133500 | ||
| 035 | _a(BD-RjUL)23870 | ||
| 035 | _a331894 | ||
| 040 |
_aLC _beng _cLC _dLC _dBD-RjUL |
||
| 041 | _aeng | ||
| 082 | 0 | 0 |
_a828.809 _bGOF 1970 |
| 100 | 1 |
_aGosse, Edmund, _d1849-1928. _923838 |
|
| 245 | 1 | 0 |
_aFather and son: _ba study of two temperaments / _cwith introduction and notes by Cecil Ballantine. |
| 260 |
_aLondon : _bHeinemann Educational, _c1970. |
||
| 300 |
_axxix, 224 p. ; _c19 cm. |
||
| 504 | _aBibliography: p. 207-208. | ||
| 600 | 1 | 0 |
_aGosse, Edmund, _d1849-1928 _xChildhood and youth. _973316 |
| 600 | 1 | 0 |
_aGosse, Philip Henry, _d1810-1888. _973317 |
| 600 | 1 | 4 |
_aGosse, Edmund, _d1849-1928 _xChildhood and youth. _973318 |
| 600 | 1 | 4 |
_aGosse, Philip Henry, _d1810-1888. _973319 |
| 650 | 0 |
_aAuthors, English _y19th century _xBiography. _955720 |
|
| 651 | 0 |
_aEngland _xSocial life and customs _y19th century. _973312 |
|
| 700 | 1 |
_aBallantine, Cecil. _973313 |
|
| 942 |
_2ddc _cBK |
||
| 999 |
_c23805 _d23805 |
||